000 00780nas a2200253 4500
001 BR0706098
003 BR-BrBNA
005 20231205111235.0
007 ta
008 230509b bl.|||p| |||| 00| 00por d
040 _aBR-BrBNA
_bpor
_cBiblioteca Nacional de Agricultura
041 _a(Pt)
072 _aL40; L70
100 1 _aSpicciati, W.
245 1 _aContribuição para o estudo do tratamento cirúrgico da hérnia perineal com prostatectomia cão
650 _aAPARELHO URINARIO
650 _aCÃO
650 _aANATOMIA
650 _aCIRURGIA
650 _aHERNIA
773 0 _tRevista da Faculdade de Medicina Veterinária (Brazil)
_xISSN 0301-7273
_g(1971), v. 8(3) p. 771-806
_wBR0706098
909 _a202311
_bLúcia
_c55
_dLúcia Elande
942 _2AGRIS
_n0
_cANA
999 _c191560
_d191560